<?xml version="1.0" encoding="UTF-8"?>
<record
    xmlns:xsi="http://www.w3.org/2001/XMLSchema-instance"
    xsi:schemaLocation="http://www.loc.gov/MARC21/slim http://www.loc.gov/standards/marcxml/schema/MARC21slim.xsd"
    xmlns="http://www.loc.gov/MARC21/slim">

  <leader>01795nam a22002897a 4500</leader>
  <controlfield tag="001">3631</controlfield>
  <controlfield tag="003">FISKH</controlfield>
  <controlfield tag="005">20240401104924.0</controlfield>
  <controlfield tag="008">240401b        cb ||||| |||| 00| 0 eng d</controlfield>
  <datafield tag="020" ind1=" " ind2=" ">
    <subfield code="a">9789995054786</subfield>
  </datafield>
  <datafield tag="040" ind1=" " ind2=" ">
    <subfield code="a">FISKH</subfield>
    <subfield code="b">khr </subfield>
    <subfield code="c">FISKH</subfield>
    <subfield code="d">FISKH</subfield>
  </datafield>
  <datafield tag="050" ind1=" " ind2=" ">
    <subfield code="a">PZ7 </subfield>
  </datafield>
  <datafield tag="082" ind1=" " ind2=" ">
    <subfield code="a">920</subfield>
  </datafield>
  <datafield tag="100" ind1=" " ind2=" ">
    <subfield code="a">Labb&#xE9;, Brigitte.</subfield>
  </datafield>
  <datafield tag="245" ind1=" " ind2=" ">
    <subfield code="a">&#x200B;&#x1781;&#x17D2;&#x1789;&#x17BB;&#x17C6;&#x1785;&#x1784;&#x17CB;&#x178A;&#x17B9;&#x1784;&#x1787;&#x17B8;&#x179C;&#x17B7;&#x178F;&#x179A;&#x1794;&#x179F;&#x17CB;... &#x178A;&#x17B6;&#x179C;&#x17B7;&#x1793; /</subfield>
    <subfield code="c">&#x1793;&#x17B7;&#x1796;&#x1793;&#x17D2;&#x1792;&#x178A;&#x17C4;&#x1799; Brigitte Labb&#xE9; &#x1793;&#x17B7;&#x1784; Michel Puech &#x179A;&#x17BC;&#x1794;&#x1797;&#x17B6;&#x1796;&#x178A;&#x17C4;&#x1799; Jean-Pierre Joblin.</subfield>
  </datafield>
  <datafield tag="260" ind1=" " ind2=" ">
    <subfield code="a">Phnom Penh : </subfield>
    <subfield code="b">Sipar, </subfield>
    <subfield code="c">2010.</subfield>
  </datafield>
  <datafield tag="300" ind1=" " ind2=" ">
    <subfield code="a">40 pages : </subfield>
    <subfield code="b">color illustrations ; </subfield>
    <subfield code="c">20 cm </subfield>
  </datafield>
  <datafield tag="500" ind1=" " ind2=" ">
    <subfield code="a">&#x1785;&#x17D2;&#x1794;&#x17B6;&#x1794;&#x17CB;&#x178A;&#x17BE;&#x1798;&#x1794;&#x17B6;&#x1793;&#x178F;&#x17D2;&#x179A;&#x17BC;&#x179C;&#x1794;&#x17C4;&#x17C7;&#x1796;&#x17BB;&#x1798;&#x17D2;&#x1796;&#x1795;&#x17D2;&#x179F;&#x17B6;&#x1799;&#x1780;&#x17D2;&#x179A;&#x17C4;&#x1798;&#x1785;&#x17C6;&#x178E;&#x1784;&#x1787;&#x17BE;&#x1784;&#x1790;&#x17B6; Darwin c 2009 &#xC9;dition Milan</subfield>
  </datafield>
  <datafield tag="520" ind1=" " ind2=" ">
    <subfield code="a">&#x1793;&#x17C5;&#x17A2;&#x17B6;&#x1799;&#x17BB; &#x17E2;&#x17E2;&#x1786;&#x17D2;&#x1793;&#x17B6;&#x17C6; &#x1786;&#x17B6;&#x179B; &#x178A;&#x17B6;&#x179C;&#x17B7;&#x1793;&#x1785;&#x17BB;&#x17C7;&#x179F;&#x17C6;&#x1796;&#x17C5; &#x178A;&#x17BE;&#x1798;&#x17D2;&#x1794;&#x17B8;&#x1792;&#x17D2;&#x179C;&#x17BE;&#x178A;&#x17C6;&#x178E;&#x17BE;&#x179A;&#x178F;&#x17B6;&#x1798;&#x179F;&#x1798;&#x17BB;&#x1791;&#x17D2;&#x179A;&#x179A;&#x1799;&#x17C8;&#x1796;&#x17C1;&#x179B;&#x17E5;&#x1786;&#x17D2;&#x1793;&#x17B6;&#x17C6;&#x17D4; &#x1782;&#x17BA;&#x1787;&#x17B6;&#x178A;&#x17C6;&#x178E;&#x17BE;&#x179A;&#x1787;&#x17BB;&#x17C6;&#x179C;&#x17B7;&#x1789;&#x1795;&#x17C2;&#x1793;&#x178A;&#x17B8;&#x200B; &#x178A;&#x17C2;&#x179B;&#x17A2;&#x17B6;&#x1785;&#x17B3;&#x17D2;&#x1799;&#x1782;&#x17B6;&#x178F;&#x17CB;&#x179A;&#x1780;&#x1783;&#x17BE;&#x1789;&#x17A2;&#x17D2;&#x179C;&#x17B7;&#x178A;&#x17C2;&#x179B;&#x1792;&#x17D2;&#x179C;&#x17BE;&#x17B3;&#x17D2;&#x1799;&#x1780;&#x17C2;&#x1794;&#x17D2;&#x179A;&#x17C2;&#x1787;&#x17C6;&#x1793;&#x17BF;&#x179A;&#x1794;&#x179F;&#x17CB;&#x1798;&#x1793;&#x17BB;&#x179F;&#x17D2;&#x179F;&#x179B;&#x17BE;&#x1787;&#x17B8;&#x179C;&#x17B7;&#x178F; &#x1793;&#x17B7;&#x1784;&#x179B;&#x17BE;&#x1780;&#x17C6;&#x178E;&#x17BE;&#x178F;&#x179A;&#x1794;&#x179F;&#x17CB;&#x1798;&#x1793;&#x17BB;&#x179F;&#x17D2;&#x179F;&#x17D4; </subfield>
  </datafield>
  <datafield tag="520" ind1=" " ind2=" ">
    <subfield code="a">At the age of 22, Charles Darwin embarked on a five-year voyage. It was a journey around the earth that allowed him to discover what changed people's beliefs about life and birth.</subfield>
  </datafield>
  <datafield tag="650" ind1=" " ind2=" ">
    <subfield code="a">&#x178A;&#x17C6;&#x178E;&#x17BE;&#x179A;&#x1787;&#x17BB;&#x17C6;&#x179C;&#x17B7;&#x1789;&#x1796;&#x17B7;&#x1797;&#x1796;&#x179B;&#x17C4;&#x1780; </subfield>
  </datafield>
  <datafield tag="650" ind1=" " ind2=" ">
    <subfield code="a">The journey around the world </subfield>
  </datafield>
  <datafield tag="700" ind1=" " ind2=" ">
    <subfield code="a">Puech, Michel </subfield>
    <subfield code="e">Author </subfield>
  </datafield>
  <datafield tag="700" ind1=" " ind2=" ">
    <subfield code="a">Joblin, Jean-Pierre </subfield>
    <subfield code="e">illustrator </subfield>
  </datafield>
  <datafield tag="942" ind1=" " ind2=" ">
    <subfield code="2">ddc</subfield>
    <subfield code="c">KHB</subfield>
    <subfield code="n">0</subfield>
  </datafield>
  <datafield tag="999" ind1=" " ind2=" ">
    <subfield code="c">3631</subfield>
    <subfield code="d">3631</subfield>
  </datafield>
  <datafield tag="952" ind1=" " ind2=" ">
    <subfield code="0">0</subfield>
    <subfield code="1">0</subfield>
    <subfield code="2">ddc</subfield>
    <subfield code="4">0</subfield>
    <subfield code="7">0</subfield>
    <subfield code="8">KHMERNF</subfield>
    <subfield code="a">001</subfield>
    <subfield code="b">001</subfield>
    <subfield code="c">OKHR</subfield>
    <subfield code="d">2024-04-01</subfield>
    <subfield code="l">0</subfield>
    <subfield code="o">LAB 	920 PZ7 </subfield>
    <subfield code="p">FISTK03749</subfield>
    <subfield code="r">2024-04-01 10:20:47</subfield>
    <subfield code="t">1</subfield>
    <subfield code="w">2024-04-01</subfield>
    <subfield code="y">KHB</subfield>
  </datafield>
  <datafield tag="952" ind1=" " ind2=" ">
    <subfield code="0">0</subfield>
    <subfield code="1">0</subfield>
    <subfield code="2">ddc</subfield>
    <subfield code="4">0</subfield>
    <subfield code="7">0</subfield>
    <subfield code="8">KHMERNF</subfield>
    <subfield code="a">001</subfield>
    <subfield code="b">001</subfield>
    <subfield code="c">OKHR</subfield>
    <subfield code="d">2024-04-01</subfield>
    <subfield code="l">0</subfield>
    <subfield code="o">LAB 	920 PZ7 </subfield>
    <subfield code="p">FISTK03748</subfield>
    <subfield code="r">2024-04-01 10:49:21</subfield>
    <subfield code="t">2</subfield>
    <subfield code="w">2024-04-01</subfield>
    <subfield code="y">KHB</subfield>
  </datafield>
  <datafield tag="952" ind1=" " ind2=" ">
    <subfield code="0">0</subfield>
    <subfield code="1">0</subfield>
    <subfield code="2">ddc</subfield>
    <subfield code="4">0</subfield>
    <subfield code="7">0</subfield>
    <subfield code="8">KHMERNF</subfield>
    <subfield code="a">001</subfield>
    <subfield code="b">001</subfield>
    <subfield code="c">OKHR</subfield>
    <subfield code="d">2024-06-04</subfield>
    <subfield code="l">0</subfield>
    <subfield code="o">LAB 	920 PZ7 </subfield>
    <subfield code="p">FISTK03747</subfield>
    <subfield code="r">2024-06-04 14:32:47</subfield>
    <subfield code="t">3</subfield>
    <subfield code="w">2024-06-04</subfield>
    <subfield code="y">KHB</subfield>
  </datafield>
  <datafield tag="952" ind1=" " ind2=" ">
    <subfield code="0">0</subfield>
    <subfield code="1">0</subfield>
    <subfield code="2">ddc</subfield>
    <subfield code="4">0</subfield>
    <subfield code="7">0</subfield>
    <subfield code="8">KHMERNF</subfield>
    <subfield code="a">002</subfield>
    <subfield code="b">002</subfield>
    <subfield code="c">SKB</subfield>
    <subfield code="d">2025-04-02</subfield>
    <subfield code="l">0</subfield>
    <subfield code="o">LAB 	920 PZ7 </subfield>
    <subfield code="p">FIS03917</subfield>
    <subfield code="r">2025-04-02 09:03:10</subfield>
    <subfield code="t">4</subfield>
    <subfield code="w">2025-04-02</subfield>
    <subfield code="y">KHB</subfield>
  </datafield>
</record>
